Science Quiz

Random Science or Latin Quiz

Dinosaur Name Origins Quiz Stats

 Plays Quiz Updated Feb 10, 2015

Challenge
Share
Tweet
Embed
Score 0/25 Timer 08:00
20 Plays Today
% Correct
Three-horned Face
94.4%
Tyrant Lizard King
90.4%
Volcano Tooth
89.1%
Iguana Tooth
87.2%
Earthquake Lizard
82.7%
Egg Thief
78.5%
Meat-eating Bull
78.5%
Speedy Thief
76.3%
Big Tooth
74%
Titan Lizard
73.5%
Lizard of Kronos
72.6%
Two Types of Teeth
72.2%
Beautiful Lizard
71.9%
% Correct
Ancient Wing
71.4%
Bird Mimic
65.9%
Good Mother Lizard
61.4%
Winged Finger
58.5%
Thick-headed Lizard
54.9%
Strange-Ankle Lizard
52.9%
Roofed Lizard
50.5%
Giant Duck
48.4%
Forest Lizard
45.5%
Arm Lizard
39.9%
Jumping Foot
39.4%
Near Crested Lizard
36.4%

You're not logged in!

Compare scores with friends on all Sporcle quizzes.
Join for Free
OR
Log In

You Might Also Like...

Show Comments

Extras

Top Quizzes Today


Score Distribution

Your Account Isn't Verified!

In order to create a playlist on Sporcle, you need to verify the email address you used during registration. Go to your Sporcle Settings to finish the process.

Report this User

Report this user for behavior that violates our Community Guidelines.

Details: